000 01699nam a2200289 a 4500
005 20260322212051.0
008 data
099 _aDVD 853
100 1 _aProyas, Alex,
_d1963-
245 1 0 _aI, robot.
_cAlex Proyas ... [et al.].
250 _aWidescreen
260 _aBeverly Hills, Calif. :
_b20th Century Fox Home Entertainment,
_c2004.
300 _a1 videodisc (ca. 115 min.) :; sd., col. ;
_b4 3/4 in.
500 _aTitle from container./ Based on the idea suggesed in a book by Isaac Asimov./ Includes speical features./ Participants: Will Smith, Bridget Moynahan, Alan Tudyk, James Cromwell, Bruce Greenwood, Adrian Ricard, Chi McBride, Jerry Wasserman, Fiona Hogan./ Audience: MPAA rating; for intense stylized action, and some brief partial nudity.
520 3 _aIn the year 2035, robots are a common, trusted part of life. But that trust is broken when a scientist is found dead, and a skeptical Chicago police detective investigating the murder believes that a robot is responsible. It seems impossible for a robot to break the Three Laws of Robotics, for if that were to happen there would be nothing to stop them from taking over the world. Aiding the detective in his investigation is a psychologist who specializes in the psyches of robots. Will technology ultimately lead to mankind's salvation or annihilation?
650 0 _aRobots
_xDrama
650 0 _aScience fiction films
700 1 _aSmith, Will,
_d1968-
700 1 _aMoynahan, Bridget,
_d1972-
700 1 _aTudyk, Alan.
700 1 _aCromwell, James.
700 1 _aGreenwood, Bruce,
_d1956-
700 1 _aDuggan, Simon,
_d1959-
700 1 _aBeltrami, Marco.
700 1 _aAsimov, Isaac,
_d1920-1992.
001 data
999 _c1215
_d1215